00629 a2200193 4500010001400000020002300014035001300037037001800050082001100068100002500079245009900104260004300203270005700246300003000303490004700333500002000380650001300400700002200413 aENG-85248 a8185931747c400.00 aEN-68781 bD.B.Act / Pub14a531.111 aBhattacharjee, J. K.1 aNonlinear dynamicsbnear and far from equilibriumcby J. K. Bhattacharjee and S. Bhattacharyya aNew DelhibHindustan Book Agencyc2007 aP-19, Green Park ExtensionbNew DelhicDelhie110016 avii, 304 p.c24 cm. (Pbk) aTexts and readings in physical sciencesv7 aIncludes index. aDynamics aBhattacharyya, S.